Bobby Sox- Green Day - Statistics

General Stats
  • This quiz has been taken 29 times
  • The average score is 198 of 254
Answer Stats
Answer % Correct
a
100%
and
100%
And
100%
be
100%
Do
100%
friend?
100%
girl,
100%
girlfriend?
100%
my
100%
My
100%
oh-woah
100%
the
100%
there
100%
wanna
100%
when
100%
you
100%
You
100%
best
92%
boyfriend?
92%
I'll
92%
no
92%
on
92%
we
92%
again
83%
are
83%
cemetery
83%
dead
83%
friends
83%
kiss
83%
love
83%
love,
83%
make
83%
oh
83%
one
83%
other
83%
place
83%
right
83%
take
83%
There's
83%
All
75%
already
75%
any
75%
at
75%
blush,
75%
getting
75%
home
75%
just
75%
married
75%
me
75%
movie
75%
not
75%
of
75%
our
75%
scene
75%
seen
75%
sit
75%
that
75%
to
75%
type
75%
watch
75%
We'll
75%
we've
75%
You're
75%
you're
75%
crazy
67%
Doesn't
67%
I'd
67%
in
67%
matter
67%
Or
67%
over
67%
reruns
67%
true
67%
walk
67%
world,
67%
yeah
67%
can
58%
drive
58%
bore
50%
death,
50%
(Ooh,
50%
ooh
50%
ooh,
50%
ooh)
50%
ooh-ooh,
50%
ooh-ooh.
50%
ooh-ooh
50%
ooh) x2
50%
ooh) x3
50%
ooh) x4
50%
woah
33%
No matching quizzes found
Score Distribution
Percent of People with Each Score
Percentile by Number Answered
Your Score History
You have not taken this quiz